Vista normal Vista MARC

Entrada Materia (personas)

Número de registros utilizados en: 2

001 - CONTROL NUMBER

  • control field: 180518

003 - CONTROL NUMBER IDENTIFIER

  • control field: Co-BoUCM

005 - DATE AND TIME OF LATEST TRANSACTION

  • control field: 20240422124518.0

008 - FIXED-LENGTH DATA ELEMENTS

  • fixed length control field: 240422|| aca||aabn | a|a d

040 ## - CATALOGING SOURCE

  • Original cataloging agency: Co-BoUCM
  • Transcribing agency: Co-BoUCM

100 ## - HEADING--PERSONAL NAME

  • Personal name: Benoist, Charles
  • Dates associated with a name: 1861-1936

670 ## - SOURCE DATA FOUND

  • Source citation: Work cat.: (Co-BoUCM): Benoist, Charles 1861-1936, Le Machiavélisme. Machiavel., 1934